<?xml version="1.0" encoding="UTF-8"?>
<record
    xmlns:xsi="http://www.w3.org/2001/XMLSchema-instance"
    xsi:schemaLocation="http://www.loc.gov/MARC21/slim http://www.loc.gov/standards/marcxml/schema/MARC21slim.xsd"
    xmlns="http://www.loc.gov/MARC21/slim">

  <leader>03611nam a2200553Ia 4500</leader>
  <controlfield tag="001">3592</controlfield>
  <controlfield tag="008">241029s9999    xx            000 0 und d</controlfield>
  <datafield tag="010" ind1=" " ind2=" ">
    <subfield code="a">3368</subfield>
  </datafield>
  <datafield tag="041" ind1=" " ind2=" ">
    <subfield code="a">Espa&#xF1;ol</subfield>
  </datafield>
  <datafield tag="082" ind1=" " ind2=" ">
    <subfield code="a">MA OEIP 0009 FH 2008</subfield>
  </datafield>
  <datafield tag="245" ind1=" " ind2="0">
    <subfield code="a">Actitud de los adolescentes frente al consumo de alcohol y su relaci&#xF3;n con el rendimiento acad&#xE9;mico, un estudio con alumnos de tercero y cuarto grado, del Liceo Erc&#xED;lia Pep&#xED;n, tanda vespertina. A&#xF1;o escolar 2005-2006.</subfield>
  </datafield>
  <datafield tag="260" ind1=" " ind2=" ">
    <subfield code="a">Duarte</subfield>
  </datafield>
  <datafield tag="300" ind1=" " ind2=" ">
    <subfield code="a">127</subfield>
  </datafield>
  <datafield tag="520" ind1=" " ind2=" ">
    <subfield code="a">29</subfield>
  </datafield>
  <datafield tag="630" ind1=" " ind2=" ">
    <subfield code="a">Actitud de los Estudiantes</subfield>
  </datafield>
  <datafield tag="630" ind1=" " ind2=" ">
    <subfield code="a">Consumo de Alcohol</subfield>
  </datafield>
  <datafield tag="630" ind1=" " ind2=" ">
    <subfield code="a">Redimiento acad&#xE9;mico</subfield>
  </datafield>
  <datafield tag="650" ind1=" " ind2=" ">
    <subfield code="a">Orientaci&#xF3;n</subfield>
  </datafield>
  <datafield tag="690" ind1=" " ind2=" ">
    <subfield code="a">Sintetizado</subfield>
  </datafield>
  <datafield tag="700" ind1=" " ind2=" ">
    <subfield code="e">asesor</subfield>
    <subfield code="a">Mena, Alma</subfield>
  </datafield>
  <datafield tag="700" ind1=" " ind2=" ">
    <subfield code="e">autor</subfield>
    <subfield code="a">Then Then, Mar&#xED;a de los &#xC3;&#x81;ngeles</subfield>
  </datafield>
  <datafield tag="700" ind1=" " ind2=" ">
    <subfield code="e">autor</subfield>
    <subfield code="a">D&#xED;az Tejada, Rita Yudelka </subfield>
  </datafield>
  <datafield tag="901" ind1=" " ind2=" ">
    <subfield code="a">{"1":"Then Then","2":"D&#xED;az Tejada"}</subfield>
    <subfield code="b">{"1":"Mar&#xED;a de los &#xC3;&#x81;ngeles","2":"Rita Yudelka "}</subfield>
  </datafield>
  <datafield tag="902" ind1=" " ind2=" ">
    <subfield code="a">1</subfield>
  </datafield>
  <datafield tag="903" ind1=" " ind2=" ">
    <subfield code="a">{"1":"Mena"}</subfield>
    <subfield code="b">{"1":"Alma"}</subfield>
  </datafield>
  <datafield tag="904" ind1=" " ind2=" ">
    <subfield code="a">Maestr&#xED;a en</subfield>
  </datafield>
  <datafield tag="905" ind1=" " ind2=" ">
    <subfield code="a">Orientaci&#xF3;n Educativa e Intervenci&#xF3;n Psicopedag&#xF3;gica</subfield>
  </datafield>
  <datafield tag="906" ind1=" " ind2=" ">
    <subfield code="a">2</subfield>
  </datafield>
  <datafield tag="907" ind1=" " ind2=" ">
    <subfield code="a">NO APLICA</subfield>
  </datafield>
  <datafield tag="908" ind1=" " ind2=" ">
    <subfield code="a">NO APLICA</subfield>
  </datafield>
  <datafield tag="909" ind1=" " ind2=" ">
    <subfield code="a">Universidad Aut&#xF3;noma de Santo Domingo (UASD)</subfield>
  </datafield>
  <datafield tag="910" ind1=" " ind2=" ">
    <subfield code="a">NULL</subfield>
    <subfield code="b">NULL</subfield>
  </datafield>
  <datafield tag="911" ind1=" " ind2=" ">
    <subfield code="a">["1"]</subfield>
  </datafield>
  <datafield tag="912" ind1=" " ind2=" ">
    <subfield code="a">NO APLICA</subfield>
  </datafield>
  <datafield tag="913" ind1=" " ind2=" ">
    <subfield code="a">NULL</subfield>
  </datafield>
  <datafield tag="914" ind1=" " ind2=" ">
    <subfield code="a">03 de Marzo de 2008</subfield>
  </datafield>
  <datafield tag="915" ind1=" " ind2=" ">
    <subfield code="a">31/10/19 02:10</subfield>
  </datafield>
  <datafield tag="916" ind1=" " ind2=" ">
    <subfield code="a">NULL</subfield>
  </datafield>
  <datafield tag="917" ind1=" " ind2=" ">
    <subfield code="a">NULL</subfield>
  </datafield>
  <datafield tag="918" ind1=" " ind2=" ">
    <subfield code="a">NO APLICA</subfield>
  </datafield>
  <datafield tag="919" ind1=" " ind2=" ">
    <subfield code="a">["5","49","242"]</subfield>
  </datafield>
  <datafield tag="520" ind1=" " ind2=" ">
    <subfield code="a">La carencia de significado en la vida y la muerte abandonan el terreno de reflexi&#xF3;n inadecuada en el que se expresan s&#xED;ntomas como drogadicci&#xF3;n, alcoholismo, bulimia, anorexia, sociopat&#xED;as, entre otras actitudes que denotan desequilibrios en diversos grados. Las bebidas alcoh&#xF3;licas han sido conocidas y utilizadas por el hombre desde tiempos remotos. Se consult&#xF3; la investigaci&#xF3;n publicada por el Consejo Nacional de Drogas, en el a&#xF1;o 2007, la cual revel&#xF3; que el 66.7% de los estudiantes de educaci&#xF3;n media p&#xFA;blica, consumen alcohol. Se puede decir que dentro de los factores que motivan al consumo de alcohol en los estudiantes, est&#xE1; el hecho de que en los alrededores del Liceo Erc&#xED;lia Pep&#xED;n, existen muchos centros de expendios de bebidas alcoh&#xF3;licas, acompa&#xF1;ado esto por la presi&#xF3;n ejercida por sus iguales.Diversos autores consideran que la ingesta de alcohol var&#xED;a en funci&#xF3;n de la edad; en cuanto al consumo por sexo, se ha comprobado que la diferencia es m&#xED;nima. Este estudio revel&#xF3; que el consumo de alcohol en el grado de tercero es de 10.2%, en ambos sexos, en el grado de cuarto el 12.6% femenino y el 13.8% masculino. El 46.7% de los estudiantes dice haberse emborrachado al menos una vez en su vida, los principales motivos de su afici&#xF3;n por el consumo de alcohol en sus distintas modalidades son: para sentirse bien el, porque le hace falta, problemas econ&#xF3;micos, familiares y personales, para complacer a un amigo y porque el padre bebe. Finalmente el 65.8% de los estudiantes han repetido asignaturas, lo que evidenci&#xF3; su baja acad&#xE9;mica y la relaci&#xF3;n que existe con el alcohol.El estudio recomienda la revisi&#xF3;n de la ley 50-88 para que se incluya el alcohol, para que se controle y penalice a quien venda y ofrezca a menores; implementaci&#xF3;n de programas preventivos desde temprana edad; educaci&#xF3;n a las familias sobre los da&#xF1;os que provoca el alcohol y concientizar a los estudiantes sobre el da&#xF1;o que provoca el alcohol y las drogas.</subfield>
  </datafield>
  <datafield tag="921" ind1=" " ind2=" ">
    <subfield code="a">16</subfield>
  </datafield>
  <datafield tag="922" ind1=" " ind2=" ">
    <subfield code="a">16</subfield>
  </datafield>
  <datafield tag="923" ind1=" " ind2=" ">
    <subfield code="a">0</subfield>
  </datafield>
  <datafield tag="924" ind1=" " ind2=" ">
    <subfield code="a">NO APLICA</subfield>
  </datafield>
  <datafield tag="942" ind1=" " ind2=" ">
    <subfield code="c">Tesis</subfield>
  </datafield>
  <datafield tag="999" ind1=" " ind2=" ">
    <subfield code="c">3368</subfield>
    <subfield code="d">3368</subfield>
  </datafield>
</record>
